000 00867nam a2200265 a 4500
001 000019113
005 20200929165927.0
008 100525s1982 mx 000 j spa d
020 _a9682311896
040 _aDO-SdBNP
_bspa
_cBNPHU
041 1 7 _aspa
_hfre
_2Código de idioma MARC
082 _a843.8
_bM452co
100 1 _aMaupassant, Guy de,
_d1850-1893
_913633
245 1 3 _aEl cordel y otros cuentos /
_cGuy de Maupassant ; traducción de José María Souvirón y Luis Ruiz Contreras.
260 _aMéxico :
_bCONAFE ;
_bSiglo XXI,
_c1982.
300 _a183 P. ;
_c18 cm.
490 1 _aGran literatura
650 4 _aCuentos franceses
_913634
650 4 _aLiteratura francesa
_91074
700 1 _aSouvirón, José María,
_etr.
_941128
700 1 _aRuiz Contreras, Luis,
_etr.
_941129
830 0 _aGran literatura
_941130
910 _aWM
049 _aBNGR
999 _c18631
_d18631